MARC details
| 000 -LEADER |
| fixed length control field |
02587cam a2200385 i 4500 |
| 001 - CONTROL NUMBER |
| control field |
22232469 |
| 003 - CONTROL NUMBER IDENTIFIER |
| control field |
CSPC |
| 005 - DATE AND TIME OF LATEST TRANSACTION |
| control field |
20250814143437.0 |
| 008 - FIXED-LENGTH DATA ELEMENTS--GENERAL INFORMATION |
| fixed length control field |
210914s2023 mau b 001 0 eng |
| 010 ## - LIBRARY OF CONGRESS CONTROL NUMBER |
| LC control number |
2021045333 |
| 020 ## - INTERNATIONAL STANDARD BOOK NUMBER |
| International Standard Book Number |
9781284157321 |
| Qualifying information |
(paperback) |
| 035 ## - SYSTEM CONTROL NUMBER |
| System control number |
22232469 |
| 040 ## - CATALOGING SOURCE |
| Original cataloging agency |
DLC |
| Language of cataloging |
eng |
| Description conventions |
rda |
| Transcribing agency |
DLC |
| Modifying agency |
DLC |
| -- |
CSPC |
| 042 ## - AUTHENTICATION CODE |
| Authentication code |
pcc |
| 050 00 - LIBRARY OF CONGRESS CALL NUMBER |
| Classification number |
QA76.73.C153 |
| Item number |
D34 2023 |
| 082 00 - DEWEY DECIMAL CLASSIFICATION NUMBER |
| Classification number |
005.133 |
| Item number |
D152p |
| Edition number |
23 |
| 100 1# - MAIN ENTRY--PERSONAL NAME |
| Personal name |
Dale, Nell |
| Fuller form of name |
(Nell B.), |
| Relator term |
author. |
| 245 10 - TITLE STATEMENT |
| Title |
Programming and problem solving with C++ / |
| Statement of responsibility, etc. |
Nell Dale, Chip Weems, and Tim Richards. |
| 250 ## - EDITION STATEMENT |
| Edition statement |
Seventh edition. |
| 264 #1 - PRODUCTION, PUBLICATION, DISTRIBUTION, MANUFACTURE, AND COPYRIGHT NOTICE |
| Place of production, publication, distribution, manufacture |
Burlington, Massachusetts : |
| Name of producer, publisher, distributor, manufacturer |
Jones & Bartlett Learning, |
| Date of production, publication, distribution, manufacture, or copyright notice |
2023. |
| 300 ## - PHYSICAL DESCRIPTION |
| Extent |
xxv, 1247 pages ; |
| Dimensions |
23 cm. |
| 336 ## - CONTENT TYPE |
| Content type term |
text |
| Content type code |
txt |
| Source |
rdacontent |
| 337 ## - MEDIA TYPE |
| Media type term |
unmediated |
| Media type code |
n |
| Source |
rdamedia |
| 338 ## - CARRIER TYPE |
| Carrier type term |
volume |
| Carrier type code |
nc |
| Source |
rdacarrier |
| 504 ## - BIBLIOGRAPHY, ETC. NOTE |
| Bibliography, etc. note |
Includes bibliographical references and index. |
| 505 0# - FORMATTED CONTENTS NOTE |
| Formatted contents note |
Overview of programming and problem solving -- C++ syntax and semantics, and the program development process -- Numeric types, expressions, and output -- program input and the software design process -- Conditions, logical expressions, and selection control structures -- Looping -- Additional control structures -- Functions -- Scope, lifetime, and more on functions -- User-defined data types -- Arrays -- Classes and abstraction -- Array-based lists -- Dynamic data and linked lists -- Inheritance, polymorphism, and object-oriented design -- Templates, operator overloading, and exceptions -- Introduction to data structures using the standard template library -- Recursion. |
| 520 ## - SUMMARY, ETC. |
| Summary, etc. |
"Programming and Problem Solving with C++ is appropriate for the introductory C++ programming course at the undergraduate level. Due to its coverage, it can be used in a one or two semester course. Competitive advantages of this title include: The reputation of the authors Appropriate and thorough coverage of C++ topics for the beginner programmer Clear examples and exercises, with hands-on examples and case studies"-- |
| Assigning source |
Provided by publisher. |
| 650 #0 - SUBJECT ADDED ENTRY--TOPICAL TERM |
| Topical term or geographic name entry element |
C++ (Computer program language). |
| 700 1# - ADDED ENTRY--PERSONAL NAME |
| Personal name |
Weems, Chip, |
| Relator term |
author. |
| 700 1# - ADDED ENTRY--PERSONAL NAME |
| Personal name |
Richards, Tim |
| Titles and other words associated with a name |
(Computer scientist), |
| Relator term |
author. |
| 906 ## - LOCAL DATA ELEMENT F, LDF (RLIN) |
| a |
7 |
| b |
cbc |
| c |
orignew |
| d |
1 |
| e |
ecip |
| f |
20 |
| g |
y-gencatlg |
| 942 ## - ADDED ENTRY ELEMENTS (KOHA) |
| Source of classification or shelving scheme |
Dewey Decimal Classification |
| Koha item type |
Books |
| Edition |
23 |
| Classification part |
005.133 |
| Item part |
D152p |
| Call number prefix |
CIR |
| Call number suffix |
2023 |
| Suppress in OPAC |
No |